Sports Quiz

Random Sports Quiz

Srpska fudbalska reprezentacija Quiz Stats

 Plays Quiz not verified by Sporcle

Support Sporcle.
Go Orange.
Score 0/26 Timer 06:00
0 Plays Today
broj utakmica ime i prezime % Correct
37Vladimir Stojković
93.9%
33Nemanja Vidić
93.6%
34Dejan Stanković
92.3%
38Branislav Ivanović
91.9%
40Nikola Žigić
90.2%
40Miloš Krasić
87.9%
33Marko Pantelić
87.2%
33Milan Jovanović
85.2%
18Aleksandar Kolarov
85.2%
21Nenad Milijaš
77.4%
21Neven Subotić
77.1%
36Zdravko Kuzmanović
69%
39Danko Lazović
68.7%
broj utakmica ime i prezime % Correct
14Radosav Petrović
68.4%
22Aleksandar Luković
68%
10Dragan Mrđa
64.3%
16Ivan Obradović
63.3%
22Antonio Rukavina
58.9%
21Ivica Dragutinović
56.2%
28Zoran Tošić
55.6%
25Boško Janković
53.5%
22Gojko Kačar
52.9%
15Miloš Ninković
51.5%
12Mladen Krstajić
49.2%
12Igor Duljaj
39.7%
17Nenad Kovačević
35.4%

You're not logged in!

Compare scores with friends on all Sporcle quizzes.
OR
Log In

From the Vault

4x4 Image Crossword: Capitals

by bhenderson79

We already play a lot of crosswords, but we'd probably play even more if they were all on maps.
Remove Ads.
Support Sporcle.
Get the best of Sporcle when you Go Orange. This ad-free experience offers more features, more stats, and more fun while also helping to support Sporcle. Thank you for becoming a member.

Show Comments

Extras

Created Feb 12, 2011ReportNominate

Top Quizzes Today


Score Distribution

Your Account Isn't Verified!

In order to create a playlist on Sporcle, you need to verify the email address you used during registration. Go to your Sporcle Settings to finish the process.

Report this User

Report this user for behavior that violates our Community Guidelines.

Details: